000 00933cam a2200337 4500500
005 20260329005305.0
041 _afre
042 _adc
100 1 0 _aSorente, Isabelle
_eauthor
245 0 0 _aTransclasses. Sommes-nous déterminés par nos origines sociales ?
260 _c2023.
500 _a55
690 _aBourdieu
690 _aBourgeoisie
690 _aChantal Jaquet
690 _aDéterminisme
690 _aÉcole
690 _aÉlites
690 _aEthos
690 _aGérald Bronner
690 _aHonte
690 _aLutte des classes
690 _alycée
690 _aMérite
690 _aMéritocratie
690 _aNicolas Mathieu
690 _aSociologie
690 _aTransclasse
786 0 _nPhilosophie magazine | 168 | 4 | 2023-04-01 | p. 23-23 | 1951-1787
856 4 1 _uhttps://shs.cairn.info/magazine-philosophie-magazine-2023-4-page-23?lang=fr&redirect-ssocas=7080
999 _c1842019
_d1842019